000 00352nam a2200133Ia 4500
008 151001s9999||||xx |||||||||||||| ||und||
100 _aवा शि आपटे
245 _aतुमच्या सारखाच एक
250 _a1
260 _bसुरस ग्रंथमाला
260 _c1973
300 _a128
365 _b18
999 _c956039
_d956036